[Event "Wch Juvenil 2013 sub-14"]
[Site "Al-Ain UAE"]
[Date "2013.12.23"]
[Round "6.53"]
[White "Lau, Jason"]
[Black "Thilakarathne, G M S."]
[Result "1/2-1/2"]
[WhiteElo "1888"]
[BlackElo "1674"]
[PlyCount "45"]
[EventDate "2013.12.19"]
[EventType "swiss"]
[EventRounds "11"]
[EventCountry "UAE"]
[Source "lmi"]
[SourceDate "2013.12.19"]

1. e4 c5 2. Nc3 Nc6 3. f4 g6 4. Nf3 Bg7 5. Bb5 Nd4 6. O-O a6 7. Bd3 d6 8. Nxd4
cxd4 9. Ne2 Nf6 10. b3 O-O 11. Bb2 e5 12. h3 b5 13. c3 dxc3 14. dxc3 Bb7 15.
Qc2 exf4 16. Nxf4 d5 17. exd5 Nxd5 18. Nxd5 Bxd5 19. Rae1 Qb6+ 20. Kh1 Rfe8 21.
Be4 Bxe4 22. Rxe4 Qc6 23. Rfe1 1/2-1/2

[Event "Wch Juvenil 2013 sub-14"]
[Site "Al-Ain UAE"]
[Date "2013.12.23"]
[Round "6.54"]
[White "Pitkar, Ashutosh"]
[Black "Abbasov, Zaur Shahin"]
[Result "1/2-1/2"]
[WhiteElo "1613"]
[PlyCount "57"]
[EventDate "2013.12.19"]
[EventType "swiss"]
[EventRounds "11"]
[EventCountry "UAE"]
[Source "lmi"]
[SourceDate "2013.12.19"]
[BlackElo "1882"]

1. e4 e6 2. d4 d5 3. Nd2 Nf6 4. e5 Nfd7 5. Bd3 c5 6. c3 Nc6 7. Ne2 cxd4 8. cxd4
f6 9. exf6 Nxf6 10. O-O Bd6 11. Nf3 Qc7 12. Bg5 O-O 13. Bh4 Nh5 14. Qc2 h6 15.
Bh7+ Kh8 16. Bg6 Rxf3 17. Bxh5 Rf8 18. Bg3 Bd7 19. Rad1 Rf6 20. Nc3 a6 21. Na4
Bxg3 22. hxg3 Rc8 23. Qc5 Be8 24. Bxe8 Rxe8 25. Rfe1 Qf7 26. Re2 Rf8 27. Qc2
Ne7 28. Nc5 Nc6 29. Na4 1/2-1/2

[Event "Wch Juvenil 2013 sub-14"]
[Site "Al-Ain UAE"]
[Date "2013.12.23"]
[Round "6.58"]
[White "Mayed, Al-Rashedi"]
[Black "Garcia Herrera, Enrique Ric"]
[Result "1/2-1/2"]
[WhiteElo "1820"]
[BlackElo "1662"]
[PlyCount "40"]
[EventDate "2013.12.19"]
[EventType "swiss"]
[EventRounds "11"]
[EventCountry "UAE"]
[Source "lmi"]
[SourceDate "2013.12.19"]

1. e4 c5 2. Nf3 e6 3. d4 cxd4 4. Nxd4 a6 5. Nc3 Qc7 6. a3 Nf6 7. g3 d6 8. Bg2
Be7 9. O-O O-O 10. Kh1 Nbd7 11. f4 Rb8 12. f5 Ne5 13. fxe6 fxe6 14. Qe2 Nc6 15.
Nb3 Bd7 16. Bf4 Rbd8 17. Rad1 b5 18. Qd2 Ne5 19. Bxe5 dxe5 20. Qe2 b4 1/2-1/2

[Event "Wch Juvenil 2013 sub-14"]
[Site "Al-Ain UAE"]
[Date "2013.12.23"]
[Round "6.59"]
[White "Ahmed, Qutayba Yunis"]
[Black "Nikitenko, Mihail"]
[Result "0-1"]
[WhiteElo "1663"]
[BlackElo "2125"]
[PlyCount "62"]
[EventDate "2013.12.19"]
[EventType "swiss"]
[EventRounds "11"]
[EventCountry "UAE"]
[Source "lmi"]
[SourceDate "2013.12.19"]

1. e4 c5 2. Nf3 d6 3. d4 cxd4 4. Nxd4 Nf6 5. Nc3 a6 6. Be2 e5 7. Nb3 Be6 8. Be3
Nbd7 9. g4 h6 10. h3 b5 11. Qd2 b4 12. Nd5 Nxe4 13. Qd3 Bxd5 14. Qxd5 Nef6 15.
Qd2 a5 16. a4 d5 17. g5 hxg5 18. Bxg5 Be7 19. Bb5 O-O 20. O-O-O Ne4 21. Bxe7
Qxe7 22. Qe2 Ndf6 23. Bc6 Rad8 24. Bxd5 Nxd5 25. Qxe4 Nc3 26. Qf3 Nxd1 27. Rxd1
Qg5+ 28. Qe3 Rxd1+ 29. Kxd1 Rd8+ 30. Ke2 Qf5 31. Nxa5 Qxc2+ 0-1

[Event "Wch Juvenil 2013 sub-14"]
[Site "Al-Ain UAE"]
[Date "2013.12.23"]
[Round "6.60"]
[White "Kazakovskiy, Valeriy"]
[Black "Abdulla, Al-Hamed"]
[Result "1/2-1/2"]
[WhiteElo "2023"]
[PlyCount "97"]
[EventDate "2013.12.19"]
[EventType "swiss"]
[EventRounds "11"]
[EventCountry "UAE"]
[Source "lmi"]
[SourceDate "2013.12.19"]
[BlackElo "1627"]

1. d4 Nf6 2. c4 g6 3. Nc3 d5 4. cxd5 Nxd5 5. e4 Nxc3 6. bxc3 Bg7 7. Bc4 O-O 8.
Ne2 c5 9. O-O Nc6 10. Be3 Na5 11. Bd3 b6 12. dxc5 bxc5 13. Bxc5 Qc7 14. Bd4 e5
15. Be3 Rd8 16. Qc2 Nc4 17. Bxc4 Qxc4 18. Rfd1 Ba6 19. Ng3 Bf8 20. Qb3 Qc7 21.
Qa4 Bc4 22. h3 a6 23. Kh2 Rac8 24. Qc2 Qa5 25. a4 Rxd1 26. Rxd1 Be6 27. Ne2 Rc4
28. Ra1 Bd7 29. Qb3 Rxa4 30. Rxa4 Qxa4 31. Qb8 Qb5 32. Qd8 Qc6 33. Ng3 Qc8 34.
Qa5 Bb5 35. Bg5 Qc5 36. Qd8 Qd6 37. Qc8 a5 38. c4 Bd7 39. Qd8 a4 40. c5 Qc6 41.
Be7 Qc8 42. Qxc8 Bxc8 43. Bf6 Bxc5 44. Bxe5 Bxf2 45. Ba1 Kf8 46. e5 Ke7 47. Ne4
Be3 48. Bb2 Bf5 49. Nc3 1/2-1/2

[Event "Wch Juvenil 2013 sub-14"]
[Site "Al-Ain UAE"]
[Date "2013.12.23"]
[Round "6.76"]
[White "Bedon, Kevin"]
[Black "Noori, Sabah Nori"]
[Result "1-0"]
[WhiteElo "1671"]
[BlackElo "1742"]
[PlyCount "81"]
[EventDate "2013.12.19"]
[EventType "swiss"]
[EventRounds "11"]
[EventCountry "UAE"]
[Source "lmi"]
[SourceDate "2013.12.19"]

1. d3 d5 2. Nd2 Nf6 3. g3 e6 4. Bg2 Bc5 5. h3 Nbd7 6. e3 O-O 7. Ne2 c6 8. c4
Re8 9. a3 Bd6 10. e4 dxe4 11. dxe4 Bc7 12. Qc2 Nf8 13. f4 Qe7 14. e5 N6d7 15.
b4 Ng6 16. h4 Qd8 17. Bb2 Ne7 18. g4 a5 19. Be4 Nf8 20. O-O-O axb4 21. axb4 Bb8
22. Rh3 Qb6 23. Rb3 Bc7 24. Nb1 Rd8 25. Bd4 Rxd4 26. Nxd4 c5 27. bxc5 Qxc5 28.
Nb5 Ba5 29. h5 Bb4 30. Rd8 g6 31. Nd6 Qg1+ 32. Qd1 Qc5 33. Kb2 Qf2+ 34. Bc2 Bc5
35. Ne4 Qxf4 36. Nxc5 Qxe5+ 37. Nc3 Qxc5 38. Rxf8+ Kxf8 39. Qd8+ Kg7 40. h6+
Kxh6 41. Qf8+ 1-0

[Event "Wch Juvenil 2013 sub-14"]
[Site "Al-Ain UAE"]
[Date "2013.12.23"]
[Round "6.77"]
[White "Fidrilakis, Stavros"]
[Black "Mukhopadhyay, Srinjay"]
[Result "1-0"]
[WhiteElo "1629"]
[BlackElo "1336"]
[PlyCount "151"]
[EventDate "2013.12.19"]
[EventType "swiss"]
[EventRounds "11"]
[EventCountry "UAE"]
[Source "lmi"]
[SourceDate "2013.12.19"]

1. d4 d5 2. c4 dxc4 3. e4 e5 4. Nf3 exd4 5. Bxc4 Bb4+ 6. Bd2 Bxd2+ 7. Nbxd2 Nf6
8. O-O O-O 9. e5 Nfd7 10. Nb3 Re8 11. Re1 Nb6 12. Bf1 Bg4 13. Nbxd4 Bxf3 14.
Nxf3 Qxd1 15. Raxd1 N8d7 16. Rd2 Re7 17. Bb5 c6 18. Bd3 Nd5 19. g3 Rae8 20.
Rde2 Nb4 21. Bc4 Nb6 22. Bb3 g6 23. Rd1 N4d5 24. Kf1 h6 25. a3 Nc7 26. Rde1 Nd7
27. h4 Nc5 28. Bc2 Nd5 29. b4 Nd7 30. Bb3 Nc7 31. Kg2 Nb6 32. Nd4 Kg7 33. f4
Rd7 34. Rd2 Kh7 35. Red1 Red8 36. Kf2 Nb5 37. Nf3 Rxd2+ 38. Rxd2 Rxd2+ 39. Nxd2
Kg7 40. Ne4 Nxa3 41. Nd6 Nd5 42. Nxb7 Nb5 43. Nd8 Nd4 44. Bc4 Kf8 45. b5 Nxb5
46. Nxc6 Nbc7 47. Nxa7 Ne7 48. Nb5 Nxb5 49. Bxb5 h5 50. Kf3 Kg7 51. Bd7 Kh6 52.
Ke4 Kg7 53. Kd4 Kf8 54. Kc5 Ng8 55. Kc6 Ne7+ 56. Kc7 Nd5+ 57. Kd8 Ne3 58. Bh3
Nc4 59. g4 hxg4 60. Bxg4 Ne3 61. Bf3 Nf5 62. h5 gxh5 63. Bxh5 Nd4 64. Kd7 Ne6
65. f5 Nc5+ 66. Kd8 Nb7+ 67. Kc8 Nc5 68. Kc7 Ke7 69. Bxf7 Kxf7 70. Kd8 Ne6+ 71.
Kd7 Nc5+ 72. Kc6 Ne6 73. Kd6 Nf4 74. e6+ Nxe6 75. fxe6+ Ke8 76. e7 1-0

[Event "Wch Juvenil 2013 sub-14"]
[Site "Al-Ain UAE"]
[Date "2013.12.23"]
[Round "6.93"]
[White "Mouthuy, Jacky-Long"]
[Black "Ng, Chi Tou"]
[Result "1/2-1/2"]
[WhiteElo "1388"]
[BlackElo "1475"]
[PlyCount "113"]
[EventDate "2013.12.19"]
[EventType "swiss"]
[EventRounds "11"]
[EventCountry "UAE"]
[Source "lmi"]
[SourceDate "2013.12.19"]

1. e4 e5 2. Nf3 Nc6 3. Bc4 Bc5 4. c3 Nf6 5. d4 exd4 6. cxd4 Bb4+ 7. Nc3 O-O 8.
Bg5 d6 9. O-O Bxc3 10. bxc3 h6 11. Bxf6 Qxf6 12. Re1 b6 13. Bd5 Bb7 14. Qa4 Na5
15. Bxb7 Nxb7 16. Qc6 Rab8 17. e5 dxe5 18. Qxf6 gxf6 19. dxe5 fxe5 20. Nxe5
Rbc8 21. Nc6 a5 22. Ne7+ Kg7 23. Nxc8 Rxc8 24. Re7 Kf6 25. Rae1 Nc5 26. Re8
Rxe8 27. Rxe8 Ne6 28. Rh8 Kg7 29. Re8 Kf6 30. f3 h5 31. Kf2 Kf5 32. Ke3 f6 33.
g4+ hxg4 34. fxg4+ Ke5 35. Re7 f5 36. gxf5 Kxf5 37. h4 Kf6 38. Rd7 Kg6 39. a3
Kh5 40. Re7 Nc5 41. Rxc7 Kxh4 42. Rc6 Na4 43. c4 Kg5 44. Kd4 Kf5 45. c5 bxc5+
46. Rxc5+ Nxc5 47. Kxc5 Ke6 48. Kb5 a4 49. Kxa4 Kd7 50. Kb5 Kc8 51. a4 Kb8 52.
a5 Ka8 53. a6 Ka7 54. Ka5 Ka8 55. Kb6 Kb8 56. a7+ Ka8 57. Ka6 1/2-1/2

[Event "Wch Juvenil 2013 sub-14"]
[Site "Al-Ain UAE"]
[Date "2013.12.24"]
[Round "7.1"]
[White "Liu, Yan"]
[Black "Li, Di"]
[Result "1/2-1/2"]
[WhiteElo "2256"]
[BlackElo "2091"]
[PlyCount "82"]
[EventDate "2013.12.19"]
[EventType "swiss"]
[EventRounds "11"]
[EventCountry "UAE"]
[Source "lmi"]
[SourceDate "2013.12.19"]

1. d4 Nf6 2. Nf3 g6 3. e3 Bg7 4. Bd3 d5 5. O-O O-O 6. Ne5 c5 7. c3 Nc6 8. f4
Bf5 9. Bxf5 gxf5 10. Nd2 cxd4 11. exd4 e6 12. h3 Ne8 13. b3 Nxe5 14. fxe5 f6
15. Nf3 fxe5 16. dxe5 Qb6+ 17. Kh1 Rc8 18. Qe1 Qa6 19. Be3 Qd3 20. Bd4 f4 21.
Rd1 Qg6 22. Bxa7 Bh6 23. Bf2 Ng7 24. Rc1 Nf5 25. Rg1 Ng3+ 26. Kh2 Kh8 27. c4
Ne4 28. Bh4 b5 29. c5 Rxc5 30. Rxc5 Nxc5 31. Bf6+ Bg7 32. Qb4 Nd7 33. Bxg7+
Qxg7 34. Qd6 Re8 35. Kh1 h6 36. a4 bxa4 37. bxa4 Nb8 38. Rb1 Rg8 39. g4 Nd7 40.
Rb7 Qg6 41. Qxd7 Qd3 1/2-1/2

[Event "Wch Juvenil 2013 sub-14"]
[Site "Al-Ain UAE"]
[Date "2013.12.24"]
[Round "7.1"]
[White "Shi, Diwen"]
[Black "Bedon, Kevin"]
[Result "1-0"]
[WhiteElo "1924"]
[BlackElo "1671"]
[PlyCount "149"]
[EventDate "2013.12.19"]
[EventType "swiss"]
[EventRounds "11"]
[EventCountry "UAE"]
[Source "lmi"]
[SourceDate "2013.12.19"]

1. e4 e5 2. Nf3 Nc6 3. Nc3 Nf6 4. Bb5 Bb4 5. O-O Bxc3 6. bxc3 O-O 7. d3 Re8 8.
Bg5 Na5 9. d4 a6 10. Bd3 d6 11. Nd2 h6 12. Bh4 g5 13. Bg3 c6 14. h4 Kg7 15. Qf3
Bg4 16. Qe3 Nh5 17. hxg5 hxg5 18. Bh2 Nf4 19. f3 Bd7 20. g3 Nh3+ 21. Kg2 Rh8
22. Rh1 b6 23. f4 Bg4 24. f5 c5 25. d5 Qc7 26. Nf3 Bxf3+ 27. Qxf3 Kf6 28. Be2
Rag8 29. Qe3 Nf4+ 30. Kf2 Nxe2 31. Qxe2 c4 32. Kg2 Nb7 33. Bg1 Rxh1 34. Kxh1
Nc5 35. Qxc4 b5 36. Qe2 Rh8+ 37. Kg2 Na4 38. Be3 Qxc3 39. Re1 Nc5 40. Bd2 Qc4
41. Qxc4 bxc4 42. Bb4 Rb8 43. Bxc5 dxc5 44. d6 Rd8 45. Rd1 Kg7 46. Kf3 c3 47.
Rd5 c4 48. Rc5 Rxd6 49. Rxc4 f6 50. Rxc3 Kf7 51. Rd3 Rc6 52. c3 Ke7 53. Ke3 Rc4
54. Kf3 Ra4 55. Rd2 Ra3 56. Rc2 Kd6 57. Ke3 Ra5 58. Rd2+ Kc6 59. Kd3 Rb5 60.
Kc2 Ra5 61. Kb3 Rb5+ 62. Kc4 Rc5+ 63. Kd3 Rb5 64. Rh2 Rb1 65. Rh6 Rd1+ 66. Kc4
Rd6 67. Rh7 Rd2 68. Rf7 Rd6 69. Re7 a5 70. Re6 Rxe6 71. fxe6 Kd6 72. e7 Kxe7
73. Kd5 f5 74. exf5 Kf6 75. g4 1-0

[Event "Wch Juvenil 2013 sub-14"]
[Site "Al-Ain UAE"]
[Date "2013.12.24"]
[Round "7.2"]
[White "Atabayev, Saparmyrat"]
[Black "Rambaldi, Francesco"]
[Result "1/2-1/2"]
[WhiteElo "2203"]
[BlackElo "2385"]
[PlyCount "39"]
[EventDate "2013.12.19"]
[EventType "swiss"]
[EventRounds "11"]
[EventCountry "UAE"]
[Source "lmi"]
[SourceDate "2013.12.19"]

1. e4 c6 2. d4 d5 3. Nd2 dxe4 4. Nxe4 Nd7 5. Nf3 Ngf6 6. Nxf6+ Nxf6 7. Ne5 Nd7
8. Nxd7 Bxd7 9. Bc4 Bf5 10. c3 e6 11. Bf4 Bd6 12. Qf3 Bxf4 13. Qxf4 Qb6 14.
O-O-O O-O-O 15. g4 Bg6 16. Qe3 Rde8 17. f4 Qd8 18. h4 h5 19. g5 Bf5 20. Rhe1
1/2-1/2

[Event "Wch Juvenil 2013 sub-14"]
[Site "Al-Ain UAE"]
[Date "2013.12.24"]
[Round "7.2"]
[White "Sadubayev, Airat"]
[Black "Nguyen, Dang Hong Phuc"]
[Result "1-0"]
[WhiteElo "1706"]
[BlackElo "1882"]
[PlyCount "75"]
[EventDate "2013.12.19"]
[EventType "swiss"]
[EventRounds "11"]
[EventCountry "UAE"]
[Source "lmi"]
[SourceDate "2013.12.19"]

1. e4 c5 2. Nf3 d6 3. d4 cxd4 4. Nxd4 Nf6 5. Nc3 a6 6. Be2 e6 7. Be3 Qc7 8. g4
h6 9. h4 b5 10. a3 Bb7 11. f3 Nfd7 12. Rg1 Be7 13. g5 Nb6 14. Qd2 Nc4 15. Bxc4
Qxc4 16. O-O-O hxg5 17. hxg5 g6 18. Rh1 Rf8 19. Rh7 Nd7 20. f4 e5 21. Nb3 Qc7
22. f5 gxf5 23. exf5 Bf3 24. Rf1 e4 25. Nd5 Qc4 26. Re1 Rc8 27. Nc3 Rg8 28. Na5
Qc7 29. Nd5 Qb8 30. Nxe7 Kxe7 31. g6 Ne5 32. Bf4 Rgf8 33. Bxe5 dxe5 34. Qd5 Qc7
35. Rxf7+ Rxf7 36. Qxf7+ Kd6 37. Qe6+ Kc5 38. Nb3# 1-0

[Event "Wch Juvenil 2013 sub-14"]
[Site "Al-Ain UAE"]
[Date "2013.12.24"]
[Round "7.3"]
[White "Aravindh, Chithambaram Vr"]
[Black "Theodorou, Nikolas"]
[Result "1-0"]
[WhiteElo "2415"]
[BlackElo "2238"]
[PlyCount "89"]
[EventDate "2013.12.19"]
[EventType "swiss"]
[EventRounds "11"]
[EventCountry "UAE"]
[Source "lmi"]
[SourceDate "2013.12.19"]

1. e4 c5 2. Nf3 e6 3. c3 d5 4. exd5 Qxd5 5. d4 Nc6 6. Na3 a6 7. Nc2 Nf6 8. h3
Be7 9. Ne3 Qd8 10. a3 O-O 11. Bd3 cxd4 12. cxd4 b5 13. Ng4 Bb7 14. Bb1 g6 15.
Nh6+ Kg7 16. h4 Qd5 17. h5 Rad8 18. Be3 b4 19. axb4 Bxb4+ 20. Kf1 Ne5 21. Nxe5
Qxg2+ 22. Ke2 Qxh1 23. Qxh1 Bxh1 24. Nhxf7 Rxf7 25. Bh6+ Kg8 26. hxg6 Rc7 27.
gxh7+ Kh8 28. Bg5 Kg7 29. Bd3 Be4 30. Bxe4 Nxe4 31. Bxd8 Rc8 32. Ke3 Nd6 33.
h8=Q+ Kxh8 34. Bf6+ Kg8 35. Rxa6 Rf8 36. Bg5 Nf7 37. Nxf7 Kxf7 38. Rb6 Ba5 39.
Rb5 Ra8 40. b4 Bc7 41. Rb7 Kg6 42. Rxc7 Kxg5 43. Rc3 Kf5 44. b5 Rb8 45. Rb3 1-0

[Event "Wch Juvenil 2013 sub-14"]
[Site "Al-Ain UAE"]
[Date "2013.12.24"]
[Round "7.3"]
[White "Nacer, Mohamed Arezki"]
[Black "Fidrilakis, Stavros"]
[Result "1-0"]
[WhiteElo "1866"]
[BlackElo "1629"]
[PlyCount "125"]
[EventDate "2013.12.19"]
[EventType "swiss"]
[EventRounds "11"]
[EventCountry "UAE"]
[Source "lmi"]
[SourceDate "2013.12.19"]

1. e4 c5 2. c3 Nf6 3. d3 d6 4. Be2 e6 5. Nf3 Nbd7 6. h3 Qc7 7. Bf4 b5 8. Nbd2
Rb8 9. d4 a6 10. Rc1 Bb7 11. Bd3 Qb6 12. O-O Rc8 13. Re1 d5 14. a3 Be7 15. e5
Nh5 16. Bg5 Qd8 17. Be3 c4 18. Bb1 g6 19. g4 Ng7 20. Bh6 Rg8 21. Nf1 Nf8 22.
Ng3 Kd7 23. b3 Ne8 24. a4 Ba3 25. axb5 Bxc1 26. Qxc1 axb5 27. Qf4 f5 28. exf6
Qxf6 29. Ne5+ Kc7 30. Nxc4+ Qxf4 31. Bxf4+ Kd8 32. Bg5+ Kc7 33. Ne5 Kb6 34. Be7
Bc6 35. b4 Nd7 36. Nd3 Rg7 37. Rxe6 Nc7 38. Re1 Re8 39. Bc5+ Nxc5 40. bxc5+ Kb7
41. Ne5 Ra8 42. Bd3 Ra3 43. Rc1 Ne6 44. Ne2 Rg8 45. f4 Rga8 46. f5 gxf5 47.
Bxf5 Ng5 48. h4 Ne4 49. Bxh7 Ra1 50. Rxa1 Rxa1+ 51. Kg2 Ra2 52. Kf3 Nxc3 53.
Nxc3 Ra3 54. Kf4 Rxc3 55. Nd3 Rc4 56. Ke5 Rc2 57. Nb4 Rg2 58. Bf5 Rb2 59. Nxd5
Bxd5 60. Kxd5 Rf2 61. Bd7 Rg2 62. Kd6 b4 63. Bc6+ 1-0

[Event "Wch Juvenil 2013 sub-14"]
[Site "Al-Ain UAE"]
[Date "2013.12.24"]
[Round "7.4"]
[White "Dolinar, Jan"]
[Black "Liao, Jo-Kai"]
[Result "0-1"]
[WhiteElo "1828"]
[BlackElo "1571"]
[PlyCount "72"]
[EventDate "2013.12.19"]
[EventType "swiss"]
[EventRounds "11"]
[EventCountry "UAE"]
[Source "lmi"]
[SourceDate "2013.12.19"]

1. e4 c5 2. Nc3 Nc6 3. g3 d6 4. Bg2 g6 5. d3 Bg7 6. Be3 Nf6 7. h3 a6 8. Qd2 h5
9. Nge2 Bd7 10. O-O b5 11. f4 Qc8 12. Kh2 Rb8 13. d4 h4 14. g4 Bxg4 15. e5 Bxe2
16. Nxe2 Nd7 17. d5 Ncxe5 18. fxe5 Nxe5 19. c3 b4 20. b3 bxc3 21. Nxc3 c4 22.
Rac1 cxb3 23. axb3 Rxb3 24. Ne4 Qb7 25. Qc2 Rxe3 26. Rb1 Qa8 27. Qc7 O-O 28.
Qxe7 Qd8 29. Qa7 Ra3 30. Rb6 Nc4 31. Rb7 Be5+ 32. Kg1 Ne3 33. Rfxf7 Ra1+ 34.
Kf2 Nf5 35. Bf3 Rxf7 36. Rxf7 Bd4+ 0-1

[Event "Wch Juvenil 2013 sub-14"]
[Site "Al-Ain UAE"]
[Date "2013.12.24"]
[Round "7.4"]
[White "Visakh, Nr"]
[Black "Gledura, Benjamin"]
[Result "1/2-1/2"]
[WhiteElo "2303"]
[BlackElo "2399"]
[PlyCount "98"]
[EventDate "2013.12.19"]
[EventType "swiss"]
[EventRounds "11"]
[EventCountry "UAE"]
[Source "lmi"]
[SourceDate "2013.12.19"]

1. d4 Nf6 2. Nf3 g6 3. g3 Bg7 4. Bg2 d5 5. O-O O-O 6. Nbd2 c5 7. dxc5 Qc7 8.
Nb3 e5 9. Ne1 Be6 10. Nd3 Nbd7 11. c3 Rad8 12. Be3 a5 13. a4 Nb8 14. Bg5 h6 15.
Bxf6 Bxf6 16. Qc2 Nc6 17. Nd2 Bg7 18. Rab1 f5 19. b4 g5 20. b5 Ne7 21. b6 Qc8
22. Rb5 e4 23. Nc1 Nc6 24. Ncb3 f4 25. Nxa5 Ne5 26. Re1 Ng4 27. Nf1 fxg3 28.
fxg3 Qd7 29. e3 Rf2 30. Re2 Rdf8 31. Rxf2 Rxf2 32. Qxf2 Nxf2 33. Kxf2 Be5 34.
c6 bxc6 35. Rc5 Qd8 36. Kg1 Qxb6 37. Rxc6 Qxa5 38. Rxe6 Bxc3 39. Rxh6 d4 40.
Re6 d3 41. Bxe4 d2 42. Rd6 Qxa4 43. Bf3 Qc2 44. h4 gxh4 45. gxh4 Kf7 46. h5 Qf5
47. Nxd2 Qg5+ 48. Kf2 Qh4+ 49. Kg2 Qg5+ 1/2-1/2

[Event "Wch Juvenil 2013 sub-14"]
[Site "Al-Ain UAE"]
[Date "2013.12.24"]
[Round "7.5"]
[White "Higgs, Joshua"]
[Black "Al Hamed, Saif Idrees"]
[Result "1/2-1/2"]
[WhiteElo "1824"]
[BlackElo "1558"]
[PlyCount "128"]
[EventDate "2013.12.19"]
[EventType "swiss"]
[EventRounds "11"]
[EventCountry "UAE"]
[Source "lmi"]
[SourceDate "2013.12.19"]

1. e4 e5 2. Nf3 Nc6 3. Bb5 a6 4. Bxc6 dxc6 5. Nc3 f6 6. d4 exd4 7. Qxd4 Bg4 8.
Be3 Qxd4 9. Nxd4 O-O-O 10. f3 Bd7 11. O-O-O Bd6 12. Nce2 Ne7 13. Nf4 c5 14.
Nde6 Bxf4 15. Nxf4 b6 16. h4 Nc6 17. h5 Rhe8 18. Nd5 Ne7 19. h6 Nxd5 20. Rxd5
g6 21. Bf2 Bc6 22. Rxd8+ Rxd8 23. Bh4 Rf8 24. Re1 Kd7 25. e5 fxe5 26. Rxe5 Re8
27. Rxe8 Kxe8 28. Kd2 Kd7 29. Ke3 Bd5 30. a3 Be6 31. Kf4 Bf5 32. c3 Ke6 33. Bd8
Kd7 34. Bf6 Ke6 35. Kg5 Bc2 36. f4 Bf5 37. Be5 c6 38. g4 Be4 39. Bb8 c4 40. f5+
gxf5 41. Kf4 Bd3 42. g5 Kf7 43. Ba7 b5 44. Be3 a5 45. a4 Bc2 46. Bb6 Bxa4 47.
Bxa5 Kg6 48. Bb6 Bc2 49. Be3 Be4 50. Ke5 Bd3 51. Bf4 Be4 52. Kd4 Bd5 53. Kc5
Be4 54. Kb4 Bd5 55. Ka3 Bg8 56. Kb4 Bd5 57. Kc5 Be4 58. Kd6 Bd5 59. Ke7 Be4 60.
Kf8 Bd5 61. Ke8 Be4 62. Kd8 Bd5 63. Kc7 Be4 64. Kb6 Bd5 1/2-1/2

[Event "Wch Juvenil 2013 sub-14"]
[Site "Al-Ain UAE"]
[Date "2013.12.24"]
[Round "7.5"]
[White "Zajic, Milan"]
[Black "Boldoo, Erdenepurev"]
[Result "1-0"]
[WhiteElo "2340"]
[BlackElo "2072"]
[PlyCount "61"]
[EventDate "2013.12.19"]
[EventType "swiss"]
[EventRounds "11"]
[EventCountry "UAE"]
[Source "lmi"]
[SourceDate "2013.12.19"]

1. e4 c5 2. Nf3 e6 3. d4 cxd4 4. Nxd4 Nc6 5. Nc3 a6 6. Be3 Nf6 7. Qd2 Bb4 8. f3
d5 9. O-O-O Qc7 10. a3 Ba5 11. Nb3 dxe4 12. Nxa5 Nxa5 13. Bf4 Qe7 14. Na4 e5
15. Bxe5 Nc6 16. Bd6 Qd8 17. Qe3 Be6 18. Nb6 Rb8 19. Be2 Ne7 20. Qc5 Rc8 21.
Nxc8 Nxc8 22. Bc7 Qe7 23. Rd8+ Qxd8 24. Bxd8 Kxd8 25. Rd1+ Nd7 26. Qg5+ Kc7 27.
Qxg7 Re8 28. Qg3+ Kb6 29. fxe4 Nc5 30. Qe3 Kc6 31. Qc3 1-0

[Event "Wch Juvenil 2013 sub-14"]
[Site "Al-Ain UAE"]
[Date "2013.12.24"]
[Round "7.6"]
[White "Liu, Xiangyi"]
[Black "Tari, Aryan"]
[Result "0-1"]
[WhiteElo "2136"]
[BlackElo "2418"]
[PlyCount "112"]
[EventDate "2013.12.19"]
[EventType "swiss"]
[EventRounds "11"]
[EventCountry "UAE"]
[Source "lmi"]
[SourceDate "2013.12.19"]

1. e4 c5 2. Nf3 d6 3. g3 g6 4. Bg2 Bg7 5. O-O Nc6 6. c3 e5 7. a3 Nge7 8. d3 O-O
9. b4 h6 10. b5 Na5 11. Nbd2 Be6 12. Bb2 Qd7 13. c4 f5 14. Bc3 b6 15. exf5 gxf5
16. Rc1 Nb7 17. a4 Ng6 18. Qe2 Qf7 19. h4 Qd7 20. Nh2 d5 21. h5 d4 22. Bxd4
cxd4 23. hxg6 Rac8 24. Nhf3 Nc5 25. Rfe1 e4 26. dxe4 d3 27. Qd1 f4 28. e5 Bg4
29. e6 Bxe6 30. Kh2 Bg4 31. Ne4 fxg3+ 32. fxg3 Qf5 33. Nh4 Qh5 34. Qd2 Nb3 35.
Qxd3 Nxc1 36. Rxc1 Rcd8 37. Qb3 Be5 38. c5+ Kg7 39. Kh1 bxc5 40. Nxc5 Rd6 41.
Re1 Bf6 42. Qe3 Bxh4 43. gxh4 Qxh4+ 44. Kg1 Rxg6 45. Qd4+ Qf6 46. Re7+ Rf7 47.
Rxf7+ Kxf7 48. Qd5+ Kg7 49. Ne4 Bf3 50. Nxf6 Rxg2+ 51. Kf1 Bxd5 52. Nxd5 Rb2
53. Ke1 h5 54. Nc3 h4 55. Ne2 h3 56. Ng3 Rg2 0-1

[Event "Wch Juvenil 2013 sub-14"]
[Site "Al-Ain UAE"]
[Date "2013.12.24"]
[Round "7.6"]
[White "Tavzarashvili, Giorgi"]
[Black "Mayed, Al-Rashedi"]
[Result "1-0"]
[WhiteElo "1692"]
[BlackElo "1820"]
[PlyCount "61"]
[EventDate "2013.12.19"]
[EventType "swiss"]
[EventRounds "11"]
[EventCountry "UAE"]
[Source "lmi"]
[SourceDate "2013.12.19"]

1. e4 c5 2. Nc3 Nc6 3. g3 g6 4. Bg2 Bg7 5. d3 e6 6. f4 d6 7. Nf3 Nge7 8. Be3
O-O 9. O-O b6 10. d4 d5 11. exd5 Nf5 12. Bf2 Ncxd4 13. dxe6 Bxe6 14. Ng5 Bc4
15. Re1 Rc8 16. g4 Ne7 17. Kh1 Rc7 18. Nce4 Rd7 19. c3 Ne2 20. Qa4 b5 21. Qa6
Nxf4 22. Nxc5 Nxg2 23. Kxg2 Rd2 24. Nce4 Qd7 25. Nxd2 Qxg4+ 26. Bg3 Bd5+ 27.
Ngf3 Nf5 28. Kf2 Bh6 29. Qxb5 Rd8 30. Re8+ Kg7 31. Rxd8 1-0

[Event "Wch Juvenil 2013 sub-14"]
[Site "Al-Ain UAE"]
[Date "2013.12.24"]
[Round "7.7"]
[White "Abdulla, Al-Hamed"]
[Black "Kokaia, Guram"]
[Result "0-1"]
[BlackElo "1812"]
[PlyCount "42"]
[EventDate "2013.12.19"]
[EventType "swiss"]
[EventRounds "11"]
[EventCountry "UAE"]
[Source "lmi"]
[SourceDate "2013.12.19"]
[WhiteElo "1627"]

1. e4 c5 2. Nf3 d6 3. d4 cxd4 4. Nxd4 Nf6 5. Nc3 g6 6. Be2 Bg7 7. O-O O-O 8.
Be3 Nc6 9. Nf3 Ng4 10. Bd2 a6 11. h3 Nf6 12. Be3 b5 13. a3 Bb7 14. Nd2 Rc8 15.
f4 d5 16. e5 d4 17. exf6 Bxf6 18. Nde4 dxe3 19. Nxf6+ exf6 20. Nd5 Re8 21. Rf3
Na5 0-1

[Event "Wch Juvenil 2013 sub-14"]
[Site "Al-Ain UAE"]
[Date "2013.12.24"]
[Round "7.7"]
[White "Muthaiah, Al"]
[Black "Lorparizangeneh, Shahin"]
[Result "1/2-1/2"]
[WhiteElo "2092"]
[BlackElo "2270"]
[PlyCount "72"]
[EventDate "2013.12.19"]
[EventType "swiss"]
[EventRounds "11"]
[EventCountry "UAE"]
[Source "lmi"]
[SourceDate "2013.12.19"]

1. Nf3 Nf6 2. d4 g6 3. Bf4 Bg7 4. Nbd2 c5 5. c3 cxd4 6. cxd4 Nc6 7. e4 d5 8. e5
Ne4 9. Bb5 Qb6 10. Qa4 O-O 11. O-O Nxd2 12. Bxd2 Bg4 13. Bxc6 bxc6 14. Ba5 Qxb2
15. Nd2 Qb5 16. Qa3 Rfc8 17. Rab1 Qa6 18. Bb4 Qxa3 19. Bxa3 Rc7 20. Bc5 Be2 21.
Rfe1 Bb5 22. f4 Bh6 23. g3 a5 24. h4 f6 25. Rb3 Bg7 26. exf6 Bxf6 27. a3 Ba4
28. Rb6 Bb5 29. Nb1 Kf7 30. Nc3 Bd3 31. Kf2 h6 32. Rd1 Bf5 33. Kf3 h5 34. Rd2
Bc8 35. Rdb2 Ba6 36. Rb8 Rxb8 1/2-1/2